| 000 | 01676nam0a2200385 4500 | ||
|---|---|---|---|
| 001 | RU\NLR\BIBL_A\022420764 | ||
| 005 | 20260408234834.0 | ||
| 010 |
_a978-5-93943-341-9 _9500 |
||
| 035 | _a(NLR Aleph) 022420764 | ||
| 090 |
_a13338433 _c13338433 |
||
| 100 | _a20241225d2024 |||y0rusy50 ca | ||
| 101 | 0 |
_arus _arom |
|
| 102 | _aRU | ||
| 105 | _aa w 000zy | ||
| 181 | 0 |
_ai3 _baxxe |
|
| 182 | 0 | _an | |
| 200 | 1 |
_aБытие _aРуфь _aИона _eна ромском (ловарский диалект) и русском языках _f[перевод: Г. Цветков] |
|
| 203 |
_aТекст _bвизуальный _cнепосредственный |
||
| 210 |
_aМосква _cИнститут перевода Библии _d2024 |
||
| 215 |
_a295, [1] с. _cил. _d21 |
||
| 300 | _aТекст парал. рус., ромск. | ||
| 300 | _aКн. содержит QR-код со ссылкой на доп. материалы | ||
| 500 |
_aБиблия _iВ.З. _iБытие _3RU\NLR\AUTH\553097 _92631048 |
||
| 500 |
_aБиблия _iВ.З. _iРуфь _3RU\NLR\AUTH\553116 _92631059 |
||
| 500 |
_aБиблия _iВ.З _iИона _3RU\NLR\AUTH\559089 _92631142 |
||
| 605 |
_aБиблия _iВетхий Завет _iКнига Бытия _92230623 _3RU\NLR\AUTH\661338849 |
||
| 605 |
_aБиблия _iВетхий Завет _iКнига Руфи _92531771 _3RU\NLR\AUTH\6601713364 |
||
| 605 |
_aБиблия _iВетхий Завет _iКнига Ионы _92348095 _3RU\NLR\AUTH\661403048 |
||
| 686 | 1 | _aЭ37-210.911 | |
| 686 | 1 | _aЭ37-210.912 | |
| 686 | 1 | _aЭ37-210.914 | |
| 942 | _cBOOK | ||
| 980 | _aNB | ||